Indian classical literature (Record no. 9862)

MARC details
000 -LEADER
fixed length control field 00532cam a2200217ua 4500
001 - CONTROL NUMBER
control field 10916
005 - DATE AND TIME OF LATEST TRANSACTION
control field 20260515114658.0
008 - FIXED-LENGTH DATA ELEMENTS--GENERAL INFORMATION
fixed length control field 190627n ii |||gr||||Z||||||eng
020 ## - INTERNATIONAL STANDARD BOOK NUMBER
International Standard Book Number 9789385439483
040 ## - CATALOGING SOURCE
Transcribing agency MAIN
041 ## - LANGUAGE CODE
Language code of text/sound track or separate title eng
082 ## - DEWEY DECIMAL CLASSIFICATION NUMBER
Classification number 891.2
100 ## - MAIN ENTRY--PERSONAL NAME
Personal name Biswajit Neog,
Relator term Author.
245 ## - TITLE STATEMENT
Title Indian classical literature
Statement of responsibility, etc. By Biswajit Neog
250 ## - EDITION STATEMENT
Edition statement 1st ed.
260 ## - PUBLICATION, DISTRIBUTION, ETC.
Place of publication, distribution, etc. Jorhat:
Name of publisher, distributor, etc. Bidya bhawan,
Date of publication, distribution, etc. 2019.
300 ## - PHYSICAL DESCRIPTION
Extent 220p.
653 ## - INDEX TERM--UNCONTROLLED
Uncontrolled term Indian literature
700 ## - ADDED ENTRY--PERSONAL NAME
Personal name Kakoli Kashyap,
Relator term Author.
942 ## - ADDED ENTRY ELEMENTS (KOHA)
Koha item type Books
Holdings
Withdrawn status Lost status Damaged status Not for loan Home library Current library Shelving location Date acquired Total checkouts Full call number Barcode Date last seen Date last checked out Copy number Price effective from Koha item type
        Naharkatiya College Library Naharkatiya College Library General stacks 09/19/2020 7 891.2English | NEO 27924 02/12/2022 01/28/2022 1 09/19/2020 Books
        Naharkatiya College Library Naharkatiya College Library General stacks 09/19/2020 6 891.2English | NEO 27925 04/04/2026 03/27/2026 2 09/19/2020 Books
        Naharkatiya College Library Naharkatiya College Library General stacks 09/19/2020 9 891.2English | NEO 27926 01/21/2026 12/16/2025 3 09/19/2020 Books